[Event "RUS-chT2"]
[Site "Sochi"]
[Date "2024.05.03"]
[Round "3.2"]
[White "Drygalov, Andrey"]
[Black "Zhidelev, Nikolay"]
[Result "1-0"]
[WhiteElo "2455"]
[BlackElo "2020"]
[PlyCount "202"]
[EventDate "2024.05.01"]
[EventType "team-swiss"]
[EventRounds "9"]
[EventCountry "RUS"]
[SourceTitle "CBM 220 Extra"]
[Source "ChessBase"]
[SourceDate "2024.07.31"]
[SourceVersion "1"]
[SourceVersionDate "2024.07.31"]
[SourceQuality "1"]
[WhiteTeam "Krasnoyarsk Region Enisey"]
[BlackTeam "Start Permskiy Kray"]
[WhiteTeamCountry "RUS"]
[BlackTeamCountry "RUS"]

1. e4 c5 2. Nf3 d6 3. d4 cxd4 4. Nxd4 Nf6 5. Nc3 a6 6. Be3 e5 7. Nb3 Be6 8. h3 Nbd7 9. g4 h6 10. Qd2 Qc7 11. 0-0-0 Be7 12. f4 0-0-0 13. f5 Bc4 14. Kb1 Bxf1 15. Rhxf1 Kb8 16. Qg2 Rdg8 17. h4 Nb6 18. Bxb6 Qxb6 19. g5 Ne8 20. Nd5 Qd8 21. Rg1 Nc7 22. Ne3 Qd7 23. Nc1 Qc6 24. Ne2 Qc5 25. Qf3 Nb5 26. Nd5 Bd8 27. Rg2 Qc4 28. Qd3 Qxd3 29. cxd3 hxg5 30. hxg5 Rh3 31. g6 f6 32. a4 Nc7 33. Nec3 Rgh8 34. Nxc7 Kxc7 35. Nd5+ Kd7 36. b4 R8h4 37. Kc2 Kc6 38. Rc1 Kd7 39. Kd2 Rf3 40. a5 Rfh3 41. Re2 Rh8 42. Rc3 Rh1 43. Kc2 R1h2 44. Rxh2 Rxh2+ 45. Kb3 Rh3 46. Nb6+ Ke7 47. Kc4 Rh1 48. Nd5+ Kd7 49. Kb3 Rh8 50. Rc1 Rh3 51. Rc3 Rh8 52. Ka4 Re8 53. b5 axb5+ 54. Kxb5 Rh8 55. Nb6+ Bxb6 56. Kxb6 Rc8 57. Rb3 Rc7 58. Rb2 Kc8 59. Rh2 Rc6+ 60. Kb5 Kb8 61. Rh8+ Rc8 62. Rh1 Rc3 63. Kb4 Rc8 64. Rh2 Rc5 65. Rd2 Kc7 66. Rh2 Kb8 67. Rh1 Rc8 68. Rd1 Rc5 69. Rh1 Rc8 70. Rh7 Rc7 71. Ka4 Ka7 72. Rh8 Rd7 73. Rf8 Rc7 74. Rd8 b6 75. Rxd6 bxa5 76. Kxa5 Kb7 77. Kb5 Re7 78. Kc5 Kc7 79. Kd5 Rd7 80. Rxd7+ Kxd7 81. Kc5 Ke7 82. Kc6 Ke8 83. Kb5 Ke7 84. Kc5 Ke8 85. Kc6 Ke7 86. Kc7 Ke8 87. Kd6 Kd8 88. Ke6 Ke8 89. Kd5 Ke7 90. d4 exd4 91. Kxd4 Kd6 92. Kd3 Ke7 93. Kc4 Ke8 94. Kc5 Ke7 95. Kc6 Ke8 96. Kd6 Kf8 97. Kd7 Kg8 98. Ke8 Kh8 99. e5 fxe5 100. Kf7 e4 101. f6 gxf6 1-0

[Event "Khanty-Mansiysk Governor Cup 19th"]
[Site "Khanty-Mansiysk"]
[Date "2023.11.20"]
[Round "4"]
[White "Tsydypov, Zhamsaran"]
[Black "Zhidelev, Nikolay"]
[Result "1/2-1/2"]
[WhiteElo "2548"]
[BlackElo "2200"]
[PlyCount "128"]
[EventDate "2023.11.17"]
[EventType "swiss"]
[EventRounds "9"]
[EventCountry "RUS"]
[SourceTitle "CBM 217 Extra"]
[Source "ChessBase"]
[SourceDate "2024.01.31"]
[SourceVersion "1"]
[SourceVersionDate "2024.01.31"]
[SourceQuality "1"]

1. e4 c5 2. Nf3 d6 3. d4 cxd4 4. Nxd4 Nf6 5. Nc3 a6 6. Nb3 e6 7. g4 b5 8. a3 Bb7 9. Bg2 Nfd7 10. Be3 Ne5 11. Nd2 h5 12. gxh5 Qh4 13. Qe2 Nbd7 14. 0-0-0 Qxh5 15. Qxh5 Rxh5 16. f4 Ng4 17. Bg1 Ngf6 18. h4 Be7 19. Bf3 Rh8 20. e5 Bxf3 21. Nxf3 dxe5 22. fxe5 Ng4 23. Bd4 Nh6 24. Ne4 Nf5 25. Bc3 Nc5 26. Nd6+ Bxd6 27. exd6 f6 28. Nd4 Nxd4 29. Bxd4 Nd7 30. a4 Kf7 31. Bf2 Rh5 32. Rd3 Rc8 33. axb5 Rf5 34. Be3 axb5 35. Ra3 Rd5 36. Ra6 e5 37. Rg1 Rc4 38. h5 Rh4 39. Bd2 Rxh5 40. Bb4 Rh4 41. c3 g5 42. Ra7 Ke6 43. Ra8 Nc5 44. Kb1 Nb7 45. Ra6 Nxd6 46. Kc1 Rh3 47. Rf1 e4 48. Rb6 Rf3 49. Rg1 e3 50. Rd1 Rf2 51. Rxd6+ Rxd6 52. Rxd6+ Ke5 53. Rd8 Ke4 54. Bc5 Rf1+ 55. Kc2 e2 56. Re8+ Kf3 57. Re3+ Kf2 58. Re6+ Kf3 59. Re3+ Kf2 60. c4 e1Q 61. Rxe1+ Kxe1 62. cxb5 Rh1 63. Be7 Rh7 64. Bxf6 Rb7 1/2-1/2

[Event "Cheliabinsk Panchenko Memorial op-A"]
[Site "Cheliabinsk"]
[Date "2023.09.12"]
[Round "2"]
[White "Zhidelev, Nikolay"]
[Black "Satanovskaia, Evgeniia"]
[Result "1-0"]
[WhiteElo "2144"]
[BlackElo "1936"]
[PlyCount "67"]
[EventDate "2023.09.11"]
[EventType "swiss"]
[EventRounds "10"]
[EventCountry "RUS"]
[SourceTitle "CBM 216 Extra"]
[Source "ChessBase"]
[SourceDate "2023.11.30"]
[SourceVersion "1"]
[SourceVersionDate "2023.11.30"]
[SourceQuality "1"]

1. c4 e6 2. Nf3 Nf6 3. d4 b6 4. g3 Bb4+ 5. Bd2 Qe7 6. Bg2 Bb7 7. 0-0 Bxd2 8. Qxd2 0-0 9. Nc3 Ne4 10. Nxe4 Bxe4 11. Qf4 d5 12. cxd5 exd5 13. Rac1 c5 14. dxc5 bxc5 15. Qe5 Qxe5 16. Nxe5 Bxg2 17. Kxg2 Na6 18. Rfd1 Rfe8 19. Rxd5 f6 20. Nd3 Rxe2 21. Rd7 Rc8 22. Rxa7 Re6 23. Nf4 Rd6 24. h4 g5 25. Nh5 gxh4 26. Rc4 h3+ 27. Kxh3 f5 28. Rg7+ Kh8 29. Rf7 Rh6 30. Rxf5 Rb6 31. Rf7 Rh6 32. g4 Nb4 33. Rxc5 Rg8 34. Rcf5 1-0

[Event "Zudov Memorial"]
[Site "Nizhnij Tagil"]
[Date "2023.07.29"]
[Round "5"]
[White "Devaev, Alexander"]
[Black "Zhidelev, Nikolay"]
[Result "1/2-1/2"]
[WhiteElo "2325"]
[BlackElo "1950"]
[PlyCount "55"]
[EventDate "2023.07.29"]
[EventType "swiss (rapid)"]
[EventRounds "11"]
[EventCountry "RUS"]
[SourceTitle "CBM 215 Extra"]
[Source "ChessBase"]
[SourceDate "2023.09.30"]
[SourceVersion "1"]
[SourceVersionDate "2023.09.30"]
[SourceQuality "1"]

1. Nf3 c5 2. c4 Nc6 3. Nc3 e5 4. e3 Nf6 5. a3 h6 6. Qc2 Be7 7. Be2 0-0 8. 0-0 d6 9. Rd1 Bg4 10. h3 Bh5 11. Nh4 Bxe2 12. Nxe2 Rc8 13. Nf5 Qd7 14. Nc3 d5 15. cxd5 Nxd5 16. Nxd5 Qxd5 17. d3 Rfd8 18. b3 e4 19. Nxe7+ Nxe7 20. Bb2 exd3 21. Qc3 f6 22. e4 Qd6 23. Qc4+ Kh8 24. Rd2 Ng6 25. Rad1 Ne5 26. Bxe5 Qxe5 27. Rxd3 Rxd3 28. Qxd3 1/2-1/2